Sledovanie obsahu ťažkých kovov metódou ICP-MS vo vybraných druhoch mäsa
Salvato in:
| Autore principale: | |
|---|---|
| Altri autori: | |
| Natura: | Manoscritto Libro |
| Lingua: | slovacco |
| Pubblicazione: |
2025
|
| Soggetti: | |
| Accesso online: | http://is.stuba.sk/zp/portal_zp.pl?podrobnosti=171395 |
| Tags: |
Nessun Tag, puoi essere il primo ad aggiungerne!!
|
MARC
| LEADER | 00000ntm a22000003a 4500 | ||
|---|---|---|---|
| 001 | stuzp105320 | ||
| 003 | SK-STU | ||
| 005 | 20250628212557.0 | ||
| 007 | ta | ||
| 008 | 150427s2015----xo-----f-mn---000-0-slo-d | ||
| 040 | |a STU |b slo | ||
| 041 | 0 | |a slo | |
| 100 | 1 | |a Benčatová, Simona |u 040250 |4 aut |U FCHPT Ústav potravinárstva a výživy |T FCHPT Oddelenie potravinárskej technológie |X 117197 |U C0250 |Y 685 |7 117197 | |
| 242 | 0 | 1 | |a Monitoring the content of heavy metals by the ICP-MS method in selected types of meat |y eng |
| 245 | 1 | 0 | |a Sledovanie obsahu ťažkých kovov metódou ICP-MS vo vybraných druhoch mäsa |
| 260 | |c 2025 | ||
| 650 | 4 | |a ťažké kovy |2 slo | |
| 650 | 4 | |a ICP-MS |2 slo | |
| 650 | 4 | |a divina |2 slo | |
| 650 | 4 | |a heavy metals |2 eng | |
| 650 | 4 | |a ICP-MS |2 eng | |
| 650 | 4 | |a game meat |2 eng | |
| 700 | 1 | |a Staruch, Ladislav |u 040250 |k Z1 |4 ths |U FCHPT Ústav potravinárstva a výživy |T FCHPT Oddelenie potravinárskej technológie |X 4142 |U C0250 |Y 685 |7 A000004142 | |
| 856 | 4 | |u http://is.stuba.sk/zp/portal_zp.pl?podrobnosti=171395 | |